Countries Closest to Armenia - Statistics

General Stats
  • This quiz has been taken 577 times
    544 since last reset
  • The average score is 15 of 17
Answer Stats
Hint Answer % Correct
0km Georgia
99%
0km Turkey
99%
0km Iran
98%
146km Russia
98%
0km Azerbaijan
96%
230km Iraq
96%
350km Syria
93%
890km Lebanon
88%
1055km Israel
87%
532km Turkmenistan
86%
721km Ukraine
85%
960km Saudi Arabia
83%
875km Jordan
81%
825km Uzbekistan
81%
556km Kazakhstan
78%
940km Cyprus
75%
983km Kuwait
75%
No matching quizzes found
Score Distribution
Percent of People with Each Score
Percentile by Number Answered
Your Score History
You have not taken this quiz since the last reset